000 00252nam a2200097Ia 4500
001 1045100
005 20250826232152.0
008 250824s9999 xx 000 0 und d
245 0 _aOSMANLININ KAYIP ATLASI
_cMUSTAFA ARMAĞAN
260 _bKETEBE YAYINLARI
999 _c1045100
_d1045100